| 000 | 00530nam a2200217Ia 4500 | ||
|---|---|---|---|
| 003 | OSt | ||
| 005 | 20251204164553.0 | ||
| 008 | 210210b2012 xxu||||| |||| 00| 0 eng d | ||
| 020 | _a9789381141823 | ||
| 040 | _cAL | ||
| 041 | _aeng | ||
| 082 | _a346.065 SHAB | ||
| 100 |
_aSharma S P _9247728 |
||
| 245 | _aBusiness law | ||
| 260 |
_aNew Delhi _bI K International Publishing House Pvt Ltd _c2012 |
||
| 300 | _axvii,242p | ||
| 650 |
_alaw _9247729 |
||
| 690 |
_aBusiness Law _9247730 |
||
| 906 | _a066766 | ||
| 942 |
_2ddc _cBK |
||
| 999 |
_c149225 _d149225 |
||